The conservation and repair of ecclesiastical buildings (Record no. 97604)

MARC details
000 -LEADER
fixed length control field 02056cam a2200529 4500
008 - FIXED-LENGTH DATA ELEMENTS--GENERAL INFORMATION
fixed length control field 090401t1998 xxu||||| |||| 00| 0 eng d
020 ## - INTERNATIONAL STANDARD BOOK NUMBER
International Standard Book Number 1900915057
035 ## - SYSTEM CONTROL NUMBER
System control number (Sirsi) u91066
041 ## - LANGUAGE CODE
Language code of text/sound track or separate title eng
050 ## - LIBRARY OF CONGRESS CALL NUMBER
Classification number 690.241
-- 18
245 #4 - TITLE STATEMENT
Title The conservation and repair of ecclesiastical buildings
250 ## - EDITION STATEMENT
Edition statement 5th ed.
260 ## - PUBLICATION, DISTRIBUTION, ETC.
Place of publication, distribution, etc. Tisbury
Name of publisher, distributor, etc. Cathedral Communications Limited
Date of publication, distribution, etc. 1998
300 ## - PHYSICAL DESCRIPTION
Extent 56p.
Other physical details ill.
Dimensions 30cm.
350 ## - PRICE (NR) (BK AM CF MU VM SE) [OBSOLETE]
Price 5.95
490 ## - SERIES STATEMENT
Series statement Building Conservation Directory Special Report
Volume/sequential designation 1
505 ## - FORMATTED CONTENTS NOTE
Formatted contents note News in brief : legislation and grants; Heritage Lottery Fund; Landfill Tax Credit Scheme
505 ## - FORMATTED CONTENTS NOTE
Formatted contents note Visitors welcome! Tourism and places of worship
505 ## - FORMATTED CONTENTS NOTE
Formatted contents note Sanctuary ceiling restoration at Holy Rood Church, Watford
505 ## - FORMATTED CONTENTS NOTE
Formatted contents note Stained glass, Pugin and the gothic revival
505 ## - FORMATTED CONTENTS NOTE
Formatted contents note Poppyhead : the recreation of terracotta poppyheaded pew ends at the church of St Stephen and All Martyrs
505 ## - FORMATTED CONTENTS NOTE
Formatted contents note Inspired by shingles: the traditional use of oak shingles on spires
505 ## - FORMATTED CONTENTS NOTE
Formatted contents note Programming repairs
505 ## - FORMATTED CONTENTS NOTE
Formatted contents note Is lime a problem for sandstone?
505 ## - FORMATTED CONTENTS NOTE
Formatted contents note Bevis Marks Synagogue
505 ## - FORMATTED CONTENTS NOTE
Formatted contents note Staunton Harold Church
505 ## - FORMATTED CONTENTS NOTE
Formatted contents note The Betjeman Memorial Award
505 ## - FORMATTED CONTENTS NOTE
Formatted contents note The repair of a stone spiral staircase St Mary`s Church, Nantwich
505 ## - FORMATTED CONTENTS NOTE
Formatted contents note Village organs : a neglected heritage
520 ## - SUMMARY, ETC.
Summary, etc. An annual looking at issues surrounding the conservation and repair of churches which includes a directory of useful orgnaisations, products and services.
650 ## - SUBJECT ADDED ENTRY--TOPICAL TERM
Topical term or geographic name entry element CHURCHES
650 ## - SUBJECT ADDED ENTRY--TOPICAL TERM
Topical term or geographic name entry element RESTORATION
690 ## - LOCAL SUBJECT ADDED ENTRY--TOPICAL TERM (OCLC, RLIN)
Topical term or geographic name as entry element BUILT ENVIRONMENT-BUILDING MAINTENANCE AND REFURBISHMENT-BUILDING CONSERVATION
700 ## - ADDED ENTRY--PERSONAL NAME
Personal name Taylor, Jonathan
International Standard Serial Number Editor
700 ## - ADDED ENTRY--PERSONAL NAME
Personal name Whitworth, Alan
700 ## - ADDED ENTRY--PERSONAL NAME
Personal name Howell, Kevin
700 ## - ADDED ENTRY--PERSONAL NAME
Personal name Davies, Sian
700 ## - ADDED ENTRY--PERSONAL NAME
Personal name Hall, Diana
700 ## - ADDED ENTRY--PERSONAL NAME
Personal name Walton, Tim
700 ## - ADDED ENTRY--PERSONAL NAME
Personal name Ashley, Martin
700 ## - ADDED ENTRY--PERSONAL NAME
Personal name Ashurst, John
700 ## - ADDED ENTRY--PERSONAL NAME
Personal name Woodcock, Sarah
700 ## - ADDED ENTRY--PERSONAL NAME
Personal name Mears, Roger
700 ## - ADDED ENTRY--PERSONAL NAME
Personal name Bicknell, Stephen
942 ## - ADDED ENTRY ELEMENTS (KOHA)
Suppress in OPAC 0
948 ## - LOCAL PROCESSING INFORMATION (OCLC); SERIES PART DESIGNATOR (RLIN)
c (OCLC) 02/02/1999
Holdings
Withdrawn status Lost status Source of classification or shelving scheme Damaged status Not for loan Home library Current library Shelving location Date acquired Cost, normal purchase price Total Checkouts Full call number Barcode Date last seen Date last checked out Copy number Cost, replacement price Price effective from Koha item type
    Dewey Decimal Classification     London London Folio 14/09/1999 5.95 1 F690.241 TAY 30057334 06/08/2019 27/01/2006 1 5.95 06/08/2019 Book